| 000 | 00389nam a2200157Ia 4500 | ||
|---|---|---|---|
| 008 | 230711s9999||||xx |||||||||||||| ||und|| | ||
| 041 | _aENG | ||
| 082 |
_a800 _bMA-C |
||
| 100 | _aMadhusudan,Prasad | ||
| 245 | 0 | _aContemporary Indian english stories | |
| 250 | _a1st Ed. | ||
| 260 |
_c1988 _aNew Delhi _bSterling Publishers Pvt.Ltd |
||
| 300 | _a106 | ||
| 650 | _aLiterature | ||
| 942 | _cBK | ||
| 999 |
_c1985 _d1985 |
||